| 000 -LEADER |
| fixed length control field |
00491nam a2200205Ia 4500 |
| 001 - CONTROL NUMBER |
| control field |
17441 |
| 003 - CONTROL NUMBER IDENTIFIER |
| control field |
GE_BSU |
| 005 - DATE AND TIME OF LATEST TRANSACTION |
| control field |
20200226114855.0 |
| 008 - FIXED-LENGTH DATA ELEMENTS--GENERAL INFORMATION |
| fixed length control field |
181216s2005||||enk|||||||||||||| ||eng|| |
| 020 ## - INTERNATIONAL STANDARD BOOK NUMBER |
| International Standard Book Number |
006273099 |
| 040 ## - CATALOGING SOURCE |
| Transcribing agency |
GE_BSU |
| 041 ## - LANGUAGE CODE |
| Language code of text/sound track or separate title |
eng |
| 080 ## - UNIVERSAL DECIMAL CLASSIFICATION NUMBER |
| Universal Decimal Classification number |
575(036) G-63 |
| 100 ## - MAIN ENTRY--PERSONAL NAME |
| Personal name |
Gonick, Larry |
| 9 (RLIN) |
7473 |
| 245 #4 - TITLE STATEMENT |
| Title |
The carton Guide Genetics / |
| Statement of responsibility, etc. |
Larry Gonick. |
| 264 ## - PRODUCTION, PUBLICATION, DISTRIBUTION, MANUFACTURE, AND COPYRIGHT NOTICE |
| Place of production, publication, distribution, manufacture |
New York, |
| Date of production, publication, distribution, manufacture, or copyright notice |
2005. |
| 300 ## - PHYSICAL DESCRIPTION |
| Extent |
215 p. |
| 653 ## - INDEX TERM--UNCONTROLLED |
| keyword |
The carton Guide Genetics |
| 942 ## - ADDED ENTRY ELEMENTS (KOHA) |
| Koha item type |
წიგნი |
| Source of classification or shelving scheme |
|